00685 2200265 4500001002100000005001500021035002000036007000300056008004100059040001700100100001900117245006700136250001200203300003000215020002200245041000800267082000800275084001400283090002000297260003900317600001100356700002000367850001000387990002200397INLIS00000000000328720260527114928 a0010-0421000110ta260527 0  aSBPUPADbind0 aRatna Mulyawat1 aSimple & Feminim Brokat /cRatna Mulyawati;editor, Berlyandry a.-Cet.1 a64 hlm. :bilus. ;c26 cm a978-602-1656-79-20 aind a391 a391 RAT s a391 RAT s L9-R2 a.--Surabaya :bTiara Aksara,c2016 4aBusana0 aRatna Mulyawati aPUPAD a29.047/B/DPK/2018